000 00879nam a2200241Ia 4500
003 OSt
005 20220923213349.0
006 a|||||r|||| 00| 0
007 ta
008 220922b |||||||| |||| 00| 0 hin d
024 _a161,152
037 _cTextual
040 _aARTS
_cARTS
_bhin
041 _2hin
_ahin
082 _aO152,3:gN5, K2
100 _aगणेशन, एस एन
245 0 _aहिन्दी उपन्यास साहित्य का अध्ययन
_b पाश्चात्य उपन्यास से तुलना सहित
246 _aHindī upanyās sāhitya kā adhyayana: pāshchātya upanyās se tulanā sahita
260 _c1962
650 _aहिन्दी साहित्य
_9156264
942 _hO152,3:gN5, K2
_cTEXL
_2CC
999 _c315824
_d315824